=LDR 00000nam 2200000 4500 =001 NUTBA000000000004553 =005 20140917082340.0 =006 =007 =008 =020 ##$$a 979-610-616-7 =035 ##$$a 0010-091400000000586 =040 ##$$a NBPDMAT =082 ##$$a 540.76 =084 ##$$a 540.76 Agu k =100 ##$$a Agustina Dwi Rahayu =245 ##$$a Kupas Tuntas 1001 soal kimia / $c Agustina Dwi Rahayu =250 ##$$a Cet. 3 =260 ##$$a Yogyakarta : $b Pustaka Widyatama, $c 2013 =300 ##$$a vi, 313 hlm. : $b ilus. ; $c 27 cm. =650 ##$$a Kimia-SMA-soal,dsb =990 ##$$a 21409727 =990 ##$$a 0001/BPAP-NTB/20142014 =990 ##$$a 0001/BPAP-NTB/20142014 =990 ##$$a 0001/BPAP-NTB/20142014 =990 ##$$a 0001/BPAP-NTB/20142014 =990 ##$$a 0001/BPAP-NTB/20142014